000 01565nam0a2200337 4500
001 RU\NLR\bibl\799029
005 20250614125041.0
010 _a5-17-027711-3
_bАСТ
010 _a5-271-10516-4
_950000
_bАстрель
021 _aRU
_b2005-3256
_9161
035 _a(NLR Aleph) 000788213
090 _a1104980
_c1104980
100 _a20050514d2005 |||y0rusy50 ca
101 0 _arus
102 _aRU
105 _aa |||||||||
200 1 _aВАЗ-2109, ВАЗ-21099 и их модификации
_eруководство по эксплуатации, техническому обслуживанию и ремонту. Каталог деталей и запасных частей
_f[Косарев Сергей Николаевич]
210 _aМосква
_cАстрель
_cАСТ
_d2005
215 _a494, [1] с.
_cил.
_d28
606 1 _a"Спутник", легковые автомобили
_jКаталоги
_xДетали
_92122807
_3RU\NLR\auth\661281656
606 1 _a"Спутник", легковые автомобили
_jКаталоги
_xЗапасные части
_92084107
_3RU\NLR\auth\661260187
606 1 _a"Спутник", легковые автомобили
_jУчебные издания
_xЭксплуатация
_92103326
_3RU\NLR\auth\661271828
686 _aО335.52-08я7-1
686 _aО335.52-04я26
702 1 _aКосарев
_bС. Н.
_gСергей Николаевич
801 0 _aRU
_bNLR
_c20050514
_gPSBO
801 1 _aRU
_bNLR
_c20050514
942 _cBOOK
980 _aNB